| 000 | 00440nam a2200169Ia 4500 | ||
|---|---|---|---|
| 005 | 20240718002642.0 | ||
| 008 | 240331s9999 xx 000 0 und d | ||
| 082 |
_a200 _bKOS |
||
| 100 | _aKosambi, M | ||
| 245 | 0 | _aAt the intersection of gender reform and religious belife | |
| 260 |
_aBombay _bResearch Centre for Women's Studies _c1995 |
||
| 300 | _avi, 150 p ., | ||
| 650 | _aWomen | ||
| 650 | _aGender | ||
| 650 | _aSocial | ||
| 942 | _cL | ||
| 999 |
_c794 _d794 |
||